A First course in probability / (Record no. 10772)
[ view plain ]
| 000 -LEADER | |
|---|---|
| fixed length control field | 00688nam a22002292 4500 |
| 001 - CONTROL NUMBER | |
| control field | 0000004451 |
| 005 - DATE AND TIME OF LATEST TRANSACTION | |
| control field | 20151217154348.0 |
| 008 - FIXED-LENGTH DATA ELEMENTS--GENERAL INFORMATION | |
| fixed length control field | 070523s xx 000 0 eng d |
| 020 ## - INTERNATIONAL STANDARD BOOK NUMBER | |
| International Standard Book Number | 0137463146 : |
| 040 ## - CATALOGING SOURCE | |
| Original cataloging agency | KABU |
| Transcribing agency | KABU |
| 050 #0 - LIBRARY OF CONGRESS CALL NUMBER | |
| Classification number | QA273 |
| Item number | .R67 1997 |
| 100 1# - MAIN ENTRY--PERSONAL NAME | |
| Personal name | Ross, Sheldon. |
| -- | 0000155021 |
| 245 12 - TITLE STATEMENT | |
| Title | A First course in probability / |
| Statement of responsibility, etc. | Sheldon Ross. |
| 250 ## - EDITION STATEMENT | |
| Edition statement | 5th ed. |
| 260 ## - PUBLICATION, DISTRIBUTION, ETC. (IMPRINT) | |
| Place of publication, distribution, etc. | Upper Saddle River, NJ : |
| Name of publisher, distributor, etc. | Prentice Hall, |
| Date of publication, distribution, etc. | c1997. |
| 300 ## - PHYSICAL DESCRIPTION | |
| Extent | xiv, 514 p. ; |
| Dimensions | 25 cm. + |
| Accompanying material | 1 computer disk (3.5 in.) |
| 500 ## - GENERAL NOTE | |
| General note | Includes index. |
| 650 #0 - SUBJECT ADDED ENTRY--TOPICAL TERM | |
| Topical term or geographic name as entry element | Probabilities. |
| -- | 0000154769 |
| 908 ## - PUT COMMAND PARAMETER (RLIN) | |
| Put command parameter | 070523 |
| 950 ## - LOCAL HOLDINGS (RLIN) | |
| -- | 1 |
| Withdrawn status | Lost status | Source of classification or shelving scheme | Not for loan | Home library | Current library | Date acquired | Total Checkouts | Full call number | Barcode | Date last seen | Date last checked out | Price effective from | Koha item type |
|---|---|---|---|---|---|---|---|---|---|---|---|---|---|
| Library of Congress Classification | Kabarak, Main Campus | Kabarak, Main Campus | 17/12/2015 | 12 | QA273 .R67 1997 | 012139 | 05/07/2024 | 19/06/2024 | 17/12/2015 | General Collection |